| 000 | 01023nam a2200229 a 4500 | ||
|---|---|---|---|
| 003 | AM-YeHGA | ||
| 005 | 20250617160049.0 | ||
| 008 | 130506s1960 ru r 000 0 rus d | ||
| 040 | _aAM-YeHGA | ||
| 041 | 0 | _arus | |
| 100 | 1 | _aОсипов, Александр Павлович | |
| 245 | 1 | 0 |
_aСоветский рабочий и автоматизация : _bТехн. прогресс и подготовка рабочих кадров / _cА. П. Осипов, И. Г. Коваленко, Е. А. Петров |
| 260 |
_aМосква : _bПрофиздат,, _c1960. |
||
| 300 |
_a215 с. : _bил. |
||
| 504 | _aБиблиогр.: с. 265-266 | ||
| 650 | 1 | 4 | _aРабочий класс в СССР |
| 650 | 1 | 4 | _aАвтоматика в СССР - Производственно-техническое обучение |
| 700 | 1 | _aКоваленко, Иннокентий Георгиевич | |
| 700 | 1 | _aПетров, Евгений Александрович | |
| 942 |
_2udc _cBK |
||
| 090 | _c447889 | ||
| 999 |
_c445055 _d445055 |
||